mysqli: Table './ulib62015/stat_globaluid' is marked as crashed and should be repaired
select id from stat_globaluid where statuid='20260518024650_23'
mysqli: Table './ulib62015/stat_globaluid' is marked as crashed and should be repaired
DELETE FROM stat_globaluid
WHERE id NOT IN (
SELECT id
FROM (
SELECT id
FROM stat_globaluid
ORDER BY id DESC
LIMIT 100
) foo
);
mysqli: Table './ulib62015/stat_globaluid' is marked as crashed and should be repaired
insert into stat_globaluid set
statuid='20260518024650_23',
dt='1779047210',
phpself='/ULIB62015/dublinfull.php',
agent='Mozilla/5.0 AppleWebKit/537.36 (KHTML, like Gecko; compatible; ClaudeBot/1.0; +claudebot@anthropic.com)',
yea='2026',
mon='5',
dat='18',
ip='216.73.216.45'
mysqli: Table './ulib62015/stathist_viewbib_bib_type' is marked as crashed and should be repaired
insert into stathist_viewbib_bib_type set
dat='18' ,
mon='05' ,
yea='2026' ,
statuid='20260518024650_23' ,
head='13399107814' ,
foot='marc' ,
dt='1779047210'
| LEADER : 00000nam 2200000uu 4500 |
| 008 101221s||||||||th 000 0 tha d |
| 020 0-87835-174-4
|
| 050 14 QA76.73.F25^bB814
|
| 100 1 Brainerd, Walter S.
|
| 245 10 WATFIV-S fundamentals and style /^cWalter S. Brainerd,Charles H. Goldberg, Jonathan L. Gross
|
| 260 Boston, Mass. :^bBoyd & Fraser Pub.,^cc1986
|
| 300 xii, 370 ,[36] p. :^bill., charts ;^c28 cm.
|
| 504 Includes index
|
| 650 0 FORTRAN (COMPUTER PROGRAM LANGUAGE)
|
| 700 1 Goldberg, Charles H.
|
| 700 1 Gross, Jonathan L.
|
| 945 ^p0^l0^i014231 |
| 999 ^aบรรณารักษ์
|
| คุณยังไม่ได้ล็อกอิน คุณสามารถมีกิจกรรมร่วมกับเว็บไซต์ได้ แต่ต้องล็อกอินก่อน :: |
|
|
|
| ลำดับที่ |
ประเภท |
เลขเรียก/บาร์โค้ด |
สถานที่ |
สถานะ |
| 1. |
 หนังสือ | QA76.73.F25 B814 Barcode: 014231 | หนังสือทั่วไป | บนชั้น ขอยืม |
|
ยังไม่เคยถูกคอมเมนท์
|
| คอมเมนท์ทรัพยากรรายการนี้ |
|